Sports Quiz

Random Sports Quiz

Scottish League Cup Winners Quiz Stats

 Plays Quiz not verified by Sporcle

Score 0/71 Timer 10:00
0 Plays Today
Season Winner % Correct
1946–47Rangers
100%
1948–49Rangers
100%
1956–57Celtic
100%
1957–58Celtic
100%
1960–61Rangers
100%
1961–62Rangers
100%
1963–64Rangers
100%
1964–65Rangers
100%
1965–66Celtic
100%
1966–67Celtic
100%
1967–68Celtic
100%
1968–69Celtic
100%
1969–70Celtic
100%
1970–71Rangers
100%
1974–75Celtic
100%
1975–76Rangers
100%
1977–78Rangers
100%
1978–79Rangers
100%
1981–82Rangers
100%
1982–83Celtic
100%
1983–84Rangers
100%
1984–85Rangers
100%
1986–87Rangers
100%
1987–88Rangers
100%
1988–89Rangers
100%
1990–91Rangers
100%
1992–93Rangers
100%
1993–94Rangers
100%
1996–97Rangers
100%
1997–98Celtic
100%
1998–99Rangers
100%
1999–00Celtic
100%
2000–01Celtic
100%
2001–02Rangers
100%
2002–03Rangers
100%
2004–05Rangers
100%
Season Winner % Correct
2005–06Celtic
100%
2007–08Rangers
100%
2008–09Celtic
100%
2009–10Rangers
100%
2010–11Rangers
100%
2014–15Celtic
100%
2016–17Celtic
100%
1954–55Heart of Midlothian
97.9%
1955–56Aberdeen
97.9%
1958–59Heart of Midlothian
97.9%
1959–60Heart of Midlothian
97.9%
1962–63Heart of Midlothian
97.9%
1976–77Aberdeen
97.9%
1985–86Aberdeen
97.9%
1989–90Aberdeen
97.9%
1995–96Aberdeen
97.9%
2013–14Aberdeen
97.9%
1951–52Dundee
96.8%
1952–53Dundee
96.8%
1973–74Dundee
96.8%
1972–73Hibernian
96.5%
1991–92Hibernian
96.5%
2006–07Hibernian
96.5%
1979–80Dundee United
96.1%
1980–81Dundee United
96.1%
2012–13St Mirren
90.2%
2011–12Kilmarnock
89.5%
1950–51Motherwell
87.4%
2015–16Ross County
82.8%
1971–72Partick Thistle
81.1%
1994–95Raith Rovers
73.7%
2003–04Livingston
73.7%
1947–48East Fife
64.2%
1949–50East Fife
64.2%
1953–54East Fife
64.2%

You're not logged in!

Compare scores with friends on all Sporcle quizzes.
OR
Log In

Show Comments

Extras

Top Quizzes Today


Score Distribution

Your Account Isn't Verified!

In order to create a playlist on Sporcle, you need to verify the email address you used during registration. Go to your Sporcle Settings to finish the process.

Report this User

Report this user for behavior that violates our Community Guidelines.

Details: